Napoléon và các nhà khoa học

Nội dung nói về tiểu sử, sự nghiệp của Napoléon và các nhà khoa học giúp ta thất tòan diện hơn về côn người của Napoléon.

保存先:
書誌詳細
第一著者: Đoàn, Như Kim
フォーマット: 図書
言語:Undetermined
出版事項: Hà Nội Văn hóa Thông tin 2010
主題:
タグ: タグ追加
タグなし, このレコードへの初めてのタグを付けませんか!
Thư viện lưu trữ: Trung tâm Học liệu Trường Đại học Cần Thơ
LEADER 00773nam a2200217Ia 4500
001 CTU_155365
008 210402s9999 xx 000 0 und d
020 |c 33000 
082 |a 920.044 
082 |b K310 
100 |a Đoàn, Như Kim 
245 0 |a Napoléon và các nhà khoa học 
245 0 |c Đoàn Như Kim 
260 |a Hà Nội 
260 |b Văn hóa Thông tin 
260 |c 2010 
520 |a Nội dung nói về tiểu sử, sự nghiệp của Napoléon và các nhà khoa học giúp ta thất tòan diện hơn về côn người của Napoléon. 
650 |a History,Lịch sử 
650 |x Biograhy,Tiểu sử 
904 |i QHieu 
980 |a Trung tâm Học liệu Trường Đại học Cần Thơ